| Поле | Инд. | ПП | Название | Значение |
|---|---|---|---|---|
| Тип записи | a | |||
| Библиографический уровень | m | |||
| 001 | Контрольный номер | a20e5af5-9950-479c-83f2-e0d9bd9ddc44 | ||
| 005 | Дата корректировки | 20140703133919.5 | ||
| 008 | Кодируемые данные | 050211 | ||
| 020 | c | Цена, тираж | б/ц | |
| 040 | a | Служба первич. каталог. | НБ ТвГУ | |
| 041 | a | Код языка текста | rus | |
| 080 | a | Индекс УДК | 811.161.1'367(043.3) | |
| 084 | a | Индекс другой классификации/Индекс ББК | Ш141.12-222я031 | |
| 090 | x | Авторский знак | Г68 | |
| a | Полочн. индекс | Ш141.12 | ||
| 100 | 1_ | a | Автор | Горельникова Юлия Алексеевна |
| 245 | 10 | a | Заглавие | Выражение модального значения кажимости в структуре предложения |
| b | Продолж. заглавия | автореф. дис. ... канд. филол. наук : 10.02.01 | ||
| c | Ответственность | Моск. пед. ин-т, Каф. соврем. рус. яз. | ||
| 260 | 0_ | a | Место издания | Москва |
| c | Дата издания | 1993 | ||
| b | Издательство | Московский педагогический ин-т | ||
| 300 | a | Объем | 17, [1] с. | |
| 500 | a | Примечание | На правах рукоп. | |
| 504 | a | Библиография | Библиогр. в конце кн. | |
| 583 | a | Действие | Получение впервые 28 09.02.2005 | |
| 650 | a | Основная рубрика | Русский язык | |
| x | Основная подрубрика | Грамматика | ||
| x | Основная подрубрика | Синтаксис | ||
| x | Основная подрубрика | Модальность | ||
| 650 | a | Основная рубрика | Предложение в русском языке | |
| 653 | a | Ключевые слова | Русский язык | |
| a | Ключевые слова | Грамматика русского языка | ||
| a | Ключевые слова | Синтаксис русского языка | ||
| a | Ключевые слова | Модальность | ||
| a | Ключевые слова | Предложение в русском языке | ||
| a | Ключевые слова | Авторефераты | ||
| 852 | t | Порядковый номер экземпляра | 1 | |
| p | Инвентарный номер | б/н | ||
| 888 | a | Бесплатные | ||
| 930 | a | Новая/Ретро | авторефераты | |
| 952 | p | 28.2005 б/ц 1 б/н | ||
| c | Вид литературы | А/Р н | ||
| 954 | a | Дата поступления на обработку | 20050519 | |
| 999 | a | Подразделение 2 | ч.з. |